000 17172cam a2203145 a 4500
999 _c56484
001 12734953
003 LIBRIS
005 20210311124251.0
008 120323s2012 sw |||||||||||000 0|swe|c
020 _a9789127133730
_qinb.
035 _a(Bo)505277
040 _aLGEN
_dL
_dS
_ea
041 _aswe
082 4 _a612.12
_223/swe
084 _aVed
_2kssb/8 (machine generated)
084 _aMåltidsakademiens biblioteksstiftelse
084 _aMåltidslitteratur 2013
084 _aKategori: Hälsa
084 _aVcbb
_2kssb/8
084 _aVnaa
_2kssb/8
100 1 _aFernholm, Ann,
_d1969-
_4aut
_0https://libris.kb.se/64jmtzgq2pcfbkw#it
245 1 4 _aEtt sötare blod :
_bom hälsoeffekterna av ett sekel med socker /
_cAnn Fernholm.
250 _a1. utg.
264 1 _aStockholm :
_bNatur & kultur,
_c2012
264 3 _aFinland
300 _a255 s.
_c22 cm
500 _a3. tr., 2013
500 _5Li
_aPliktex.
500 _5Q
_a6. tr., 2014
505 8 _aMasspsykos - eller mirakel? -- Världen vaknar - fett blir farligt -- Mättat fett - ingen värsting -- Socker sämst för blodfetterna -- Diabetes - fettsjuka eller sockersjuka? -- Moment 22 inom diabetesvården -- Åderförkalkning - mycket mer än bara fett -- Kennet - den sjunde hjärtinfarkten -- En glaserad kropp som stelnar och blir inflammerad -- Demensens dimmor gäckar forskarna -- Inflammationen pyr i fettet -- Människor skyddade mot cancer -- Sockergödda tumörer -- Vi växer mer -- En hållbar kost -- Om magen, vikten och andra viktiga saker -- Anneli - chocken hos läkaren -- Kolhydrater - en nyckel till smärtande ballongmagar -- ... och så ett litet ord om vikten -- Fler nyanser av kolhydrater -- Lev längre - balansera ditt blodsocker
541 _5E
541 _5Gma
541 _5Og
650 7 _aSocker
_0https://id.kb.se/term/sao/Socker
_2sao
650 7 _aNutrition
_0https://id.kb.se/term/sao/Nutrition
_2sao
650 7 _aHälsa
_0https://id.kb.se/term/sao/H%C3%A4lsa
_2sao
650 7 _aFysiologiska effekter av socker
_0https://id.kb.se/term/sao/Fysiologiska%20effekter%20av%20socker
_2sao
650 2 2 _aNutritional Physiological Phenomena
650 2 2 _aHealth Promotion
650 1 2 _aDietary Sucrose
_xadverse effects
650 2 2 _aDietary Carbohydrates
_xadverse effects
650 0 _aHealth
650 0 _aNutrition
_0(DLC)sh 85093451
653 _aSocker
653 _aNutrition
653 _aHälsa
698 _a201249
852 _dVc
887 _a{"@id":"3mfhs2cf1cv89j1","modified":"2020-03-02T08:42:28.392+01:00","checksum":"192629923173"}
_2librisxl
887 _a{"@id":"15ct20660q9d039","modified":"2013-01-25T11:27:36+01:00","checksum":"201310734603"}
_2librisxl
887 _a{"@id":"ns1xp39t2pdtm9k","modified":"2016-01-25T12:23:44+01:00","checksum":"179270730142"}
_2librisxl
887 _a{"@id":"rw3vpp2x4jr245r","modified":"2015-01-29T08:01:30+01:00","checksum":"176566332384"}
_2librisxl
887 _a{"@id":"6bj3khqc0tcl8t6","modified":"2013-11-29T09:37:26+01:00","checksum":"180587522738"}
_2librisxl
887 _a{"@id":"48g3khk95t4n3xv","modified":"2014-04-01T12:09:35+02:00","checksum":"193777889151"}
_2librisxl
887 _a{"@id":"jtpmb71hgvcsgqgp","modified":"2019-05-16T16:16:36.353+02:00","checksum":"182394239747"}
_2librisxl
887 _a{"@id":"z39rphl451t7njq","modified":"2013-01-16T11:55:15+01:00","checksum":"190272988827"}
_2librisxl
887 _a{"@id":"tz5pfj502692vnj","modified":"2013-08-22T13:06:45+02:00","checksum":"166229206945"}
_2librisxl
887 _a{"@id":"gls80clm48gqk92","modified":"2016-06-20T09:57:45+02:00","checksum":"137311558924"}
_2librisxl
887 _a{"@id":"8dl26fdf47qw6nk","modified":"2013-01-22T15:21:57+01:00","checksum":"151608847857"}
_2librisxl
887 _a{"@id":"glsgxx7m04mx9jb","modified":"2014-05-13T08:38:13+02:00","checksum":"149804419060"}
_2librisxl
887 _a{"@id":"48gxbj5932m75k1","modified":"2012-11-20T11:25:08+01:00","checksum":"130844188843"}
_2librisxl
887 _a{"@id":"mrzfr9hs15xsx09","modified":"2013-02-12T14:08:55+01:00","checksum":"172060189176"}
_2librisxl
887 _a{"@id":"v06m0zd13t7r0mm","modified":"2014-02-17T13:19:59+01:00","checksum":"154705042681"}
_2librisxl
887 _a{"@id":"pt1j2l5v099667f","modified":"2013-04-03T11:15:17+02:00","checksum":"187431742317"}
_2librisxl
887 _a{"@id":"48gxxgk911b9lv3","modified":"2014-11-20T13:36:25+01:00","checksum":"147899627526"}
_2librisxl
887 _a{"@id":"8dl6gpbf17nvtf0","modified":"2014-01-29T15:13:18+01:00","checksum":"162911056475"}
_2librisxl
887 _a{"@id":"7lntdbc35ksns07w","modified":"2020-12-14T10:06:51.271+01:00","checksum":"145001770557"}
_2librisxl
887 _a{"@id":"sx5l2xsz1c7rb03","modified":"2018-01-31T16:11:17+01:00","checksum":"102529846837"}
_2librisxl
887 _a{"@id":"sx4mwtzz3803hl7","modified":"2013-06-27T19:14:10+02:00","checksum":"170640687542"}
_2librisxl
887 _a{"@id":"rw3lr9rx4c20d98","modified":"2017-02-06T18:16:34+01:00","checksum":"170635452967"}
_2librisxl
887 _a{"@id":"sx4l06pz0fwhft3","modified":"2012-11-20T11:14:53+01:00","checksum":"180895932099"}
_2librisxl
887 _a{"@id":"chp5stxj05h50l0","modified":"2012-12-21T11:25:18+01:00","checksum":"155485034863"}
_2librisxl
887 _a{"@id":"37fwwgf80jzv1l0","modified":"2013-01-15T19:08:27+01:00","checksum":"125922705110"}
_2librisxl
887 _a{"@id":"w17p3cv224ph87b","modified":"2012-11-20T13:57:22+01:00","checksum":"124340653324"}
_2librisxl
887 _a{"@id":"rw3jhj7x2zggv3c","modified":"2016-03-07T10:19:26+01:00","checksum":"173222991513"}
_2librisxl
887 _a{"@id":"v06nn9z11fgd23l","modified":"2013-02-04T18:00:47+01:00","checksum":"164246241545"}
_2librisxl
887 _a{"@id":"tz5nv1z01zpt60c","modified":"2013-06-05T13:49:46+02:00","checksum":"169277606806"}
_2librisxl
887 _a{"@id":"8dm2pd1f3rslg1j","modified":"2018-02-14T12:22:02+01:00","checksum":"146536685238"}
_2librisxl
887 _a{"@id":"48gz9mg91v4rqpz","modified":"2018-03-01T08:35:22+01:00","checksum":"146549927534"}
_2librisxl
887 _a{"@id":"mrzgnnds0nj9xth","modified":"2013-06-13T18:11:09+02:00","checksum":"175994222326"}
_2librisxl
887 _a{"@id":"v06smp012vdhrrg","modified":"2014-03-06T13:34:27+01:00","checksum":"165640461710"}
_2librisxl
887 _a{"@id":"x299bfq30kj654p","modified":"2016-05-24T13:17:50+02:00","checksum":"180457313394"}
_2librisxl
887 _a{"@id":"7clrt5ld4gpjjl0","modified":"2017-02-15T14:04:40+01:00","checksum":"146120819720"}
_2librisxl
887 _a{"@id":"jnww2qqp25wlcm2","modified":"2016-05-09T15:00:40+02:00","checksum":"188298543009"}
_2librisxl
887 _a{"@id":"9fm3gz9g0pm7jqb","modified":"2012-11-16T14:36:42+01:00","checksum":"169330704926"}
_2librisxl
887 _a{"@id":"26dv72l75gspk2w","modified":"2012-11-19T08:20:20+01:00","checksum":"140503973823"}
_2librisxl
887 _a{"@id":"9fm3htlg06sd45f","modified":"2013-05-28T15:35:54+02:00","checksum":"131099266043"}
_2librisxl
887 _a{"@id":"lqxcp6lr5bl9j5f","modified":"2013-11-04T11:31:47+01:00","checksum":"150020833651"}
_2librisxl
887 _a{"@id":"jnvcrjwp4nzpgkl","modified":"2014-10-06T14:29:10+02:00","checksum":"136997598746"}
_2librisxl
887 _a{"@id":"hmt9q0nn0zlx0nn","modified":"2012-11-26T11:24:38+01:00","checksum":"148431394509"}
_2librisxl
887 _a{"@id":"z3b4nj24530cmj1","modified":"2015-06-22T10:44:32+02:00","checksum":"169150716463"}
_2librisxl
887 _a{"@id":"sx4l060z3xs003d","modified":"2018-01-08T12:16:29+01:00","checksum":"171522587498"}
_2librisxl
887 _a{"@id":"kpwcrw6q320f9zj","modified":"2012-11-20T08:52:29+01:00","checksum":"144279584156"}
_2librisxl
887 _a{"@id":"48gxgv695l7tzh1","modified":"2016-10-17T10:32:45+02:00","checksum":"188279019575"}
_2librisxl
887 _a{"@id":"9fm2196g4mhfv9x","modified":"2013-03-21T18:46:25+01:00","checksum":"150208923320"}
_2librisxl
887 _a{"@id":"x28q8pj352c1k9w","modified":"2012-12-19T10:39:56+01:00","checksum":"179258539945"}
_2librisxl
887 _a{"@id":"djq76dfk0lj74f1","modified":"2013-05-07T13:38:09+02:00","checksum":"158251870514"}
_2librisxl
887 _a{"@id":"59hzbdnb45pf2d1","modified":"2019-12-02T13:02:43.648+01:00","checksum":"159319223908"}
_2librisxl
887 _a{"@id":"26d3b9573qmcdk9","modified":"2014-07-22T12:21:03+02:00","checksum":"136861358661"}
_2librisxl
887 _a{"@id":"hmtmm21n30s22b4","modified":"2015-04-28T16:07:46+02:00","checksum":"173407803698"}
_2librisxl
887 _a{"@id":"x28z6zf30vvs8gs","modified":"2014-07-23T14:47:38+02:00","checksum":"110088051822"}
_2librisxl
887 _a{"@id":"w17p8xh226wxc1j","modified":"2012-12-18T14:00:34+01:00","checksum":"137118870459"}
_2librisxl
887 _a{"@id":"bgn4l83h2fw1ffd","modified":"2019-12-20T10:53:27.123+01:00","checksum":"148677330939"}
_2librisxl
887 _a{"@id":"z39r42t45csw27g","modified":"2012-11-19T13:01:30+01:00","checksum":"159086346657"}
_2librisxl
887 _a{"@id":"qv2jgcnw5q5whcs","modified":"2013-01-10T15:23:14+01:00","checksum":"176319073943"}
_2librisxl
887 _a{"@id":"qv2jxm0w0x7l6tc","modified":"2015-01-13T09:44:31+01:00","checksum":"188555099584"}
_2librisxl
887 _a{"@id":"sx4n9xmz5mhbcgm","modified":"2013-09-27T08:59:44+02:00","checksum":"103364593453"}
_2librisxl
887 _a{"@id":"37fwc8h8523bzg0","modified":"2012-11-28T18:48:13+01:00","checksum":"136212193109"}
_2librisxl
887 _a{"@id":"26dtvt274wm7b0z","modified":"2012-10-03T13:10:13+02:00","checksum":"212036694568"}
_2librisxl
887 _a{"@id":"x28vfbd32gr8bjd","modified":"2014-02-20T08:31:44+01:00","checksum":"119882598104"}
_2librisxl
887 _a{"@id":"glsdmftm5pc21lf","modified":"2014-01-29T11:22:22+01:00","checksum":"164566524204"}
_2librisxl
887 _a{"@id":"9fm2d19g1b27g1m","modified":"2012-11-07T08:13:47+01:00","checksum":"127296827687"}
_2librisxl
887 _a{"@id":"48gxsv494zdz8n2","modified":"2013-01-04T13:24:00+01:00","checksum":"163341472348"}
_2librisxl
887 _a{"@id":"x295wt0301mn4j2","modified":"2015-12-02T16:12:50+01:00","checksum":"122022182979"}
_2librisxl
887 _a{"@id":"qv2q68cw1xdtssj","modified":"2014-05-13T10:50:58+02:00","checksum":"171914802206"}
_2librisxl
887 _a{"@id":"04bs4zk51p25n26","modified":"2013-02-13T13:46:17+01:00","checksum":"196623257796"}
_2librisxl
887 _a{"@id":"ht2k2sk4fngj7hc9","modified":"2020-05-04T16:51:31.25+02:00","checksum":"181175506156"}
_2librisxl
942 _2z
_cBOOK